• 首页
  • 本馆介绍
  • 公告通知
  • 最新文献
  • 馆藏检索
  • 电子资源
  • 读者导购
  • 参考咨询
  • 我的图书馆
  • 登录
  • 详细信息显示
  • 放入我的书架
  • 预约/预借图书
  • 作者相关作品
  • 分类相关作品
  • 丛书相关作品
  • 出版社相关作品

书目信息

  • 表格格式
  • 工作单格式
  • 卡片格式
题名:
美国,四种表情
    
 
作者: 李琦芳 , 汤涵婷 , 廖敏 著 ;姚荣 摄影
分册:  
出版信息: 北京   新华出版社  2008
页数: 327页
开本: 25cm
丛书名: 拉杆箱丛书
单 册:
中图分类: K971.2
科图分类:
主题词: 城市--概况--美国 , 城市
电子资源:
ISBN: 978-7-5011-8300-5
000 00985oam2 2200301 450
001 1730052294
005 20100713051615.0
010    @a978-7-5011-8300-5@dCNY78.00
100    @a20080715d2008 em y0chiy50 ea
101 0  @achi@aeng
102    @aCN@b110000
105    @aa z 000yy
106    @ar
200 1  @a美国,四种表情@9mei guo , si zhong biao qing@d4 cities of United States@f李琦芳,汤涵婷,廖敏著@g姚荣摄影@zeng
210    @a北京@c新华出版社@d2008
215    @a327页@c图,照片@d25cm
225 2  @a拉杆箱丛书
330    @a本书收录了大量的图片展示了美国四个城市——华盛顿、芝加哥、拉斯维加斯和旧金山的特点。
461  0 @12001 @a拉杆箱丛书
510 1  @a4 cities of United States@zeng
606 0  @a城市@x概况@y美国
606 0  @a城市
690    @aK971.2@v4
701  0 @a李琦芳@9li qi fang@c(编辑)@4著
701  0 @a汤涵婷@9tang han ting@c(编辑)@4著
701  0 @a廖敏@9liao min@c(编辑)@4著
702  0 @a姚荣@9yao rong@c(美术)@4摄影
905    @aMUSE@dK971.2@e5
    
    美国,四种表情=4 cities of United States/李琦芳,汤涵婷,廖敏著/姚荣摄影.-北京:新华出版社,2008
    327页:图,照片;25cm.-(拉杆箱丛书)
    
    
    ISBN 978-7-5011-8300-5:CNY78.00
    本书收录了大量的图片展示了美国四个城市——华盛顿、芝加哥、拉斯维加斯和旧金山的特点。
●
相关链接 在五车中查询图书 在当当中查询图书 在豆瓣中查询图书


正题名:美国,四种表情     索取号:K971.2/5         预约/预借

序号 登录号 条形码 馆藏地/架位号 状态 备注
1 807250   2000807250   第二书库/ [索取号:K971.2/5] 在馆    
2 807251   2000807251   第二书库/ [索取号:K971.2/5] 在馆    
3 807252   2000807252   第二书库/ [索取号:K971.2/5] 在馆    
4 829206   2000829206   第二书库/ [索取号:K971.2/5] 在馆    
5 829207   2000829207   第二书库/ [索取号:K971.2/5] 在馆    
6 829208   2000829208   第二书库/ [索取号:K971.2/5] 在馆    
山东省滨州职业学院图书馆 欢迎您!
大连网信软件有限公司© 版权所有